01018nam a2200265Ia 450000500170000000800280001702000180004508200170006310000250008024502020010525000180030730000330032550000210035850400270037965000540040665000520046065000270051294200120053926400630055133600270061433700330064133800280067404000350070299900150073720220317000237.0141031s9999 ck 000 0 spa d a978958707207504a347.06bP17m1 aParra Quijano, Jairo10aManual de derecho probatoriobla prueba en los procedimientos: civil, penal (ordinario y militar), laboral, canónico, contencioso - administrativo y en el derecho comparado cJairo Parra Quijano a18a edición axxvii, 868 páginasc24 cm. aIncluye índice aIncluye bibliografía142LEMBaDerecho probatorioxLegislaciónzColombia142LEMBaDerecho procesalxLegislaciónzColombia142LEMBaPrueba (Derecho) 2ddccBK aBogotá bLibrería Ediciones del Profesional Ltdac2011 atextobtxt2rdacontent asin mediaciónbn2rdamedia avolumenbnc2rdacarrier aCO-BoRNBPbspaerdacCO-BoRNBP c3505d3505